Mỗi ngày tiết kiệm một giờ = How to save an hour everyday

Thực hành những ý tưởng giúp tiết kiệm 1 giờ mỗi ngày

Сохранить в:
Библиографические подробности
Главный автор: Heppel, Michael
Формат:
Язык:Undetermined
Опубликовано: Thành phố Hồ Chí Minh Trẻ 2014
Предметы:
Метки: Добавить метку
Нет меток, Требуется 1-ая метка записи!
Thư viện lưu trữ: Trung tâm Học liệu Trường Đại học Cần Thơ
LEADER 00736nam a2200217Ia 4500
001 CTU_196707
008 210402s9999 xx 000 0 und d
020 |c 57000 
082 |a 650.11 
082 |b H529 
100 |a Heppel, Michael 
245 0 |a Mỗi ngày tiết kiệm một giờ = 
245 0 |b How to save an hour everyday 
245 0 |c Michael Heppel ; Tiểu Vân (dịch) 
260 |a Thành phố Hồ Chí Minh 
260 |b Trẻ 
260 |c 2014 
520 |a Thực hành những ý tưởng giúp tiết kiệm 1 giờ mỗi ngày 
650 |a Time management,Quản lý thời gian 
904 |i Nguyên 
980 |a Trung tâm Học liệu Trường Đại học Cần Thơ